000 00402cam a2200169ua 4500
020 _c12.50
041 _aeng
_h
082 _a954.83
_bMAN/RE
100 _aMankekan, D.R .
245 _aRed riddle of Kerala /
_cD.R.Mankekan.
_hTextual Documents
260 _aBombay :
_bManaktales ,
_c1965.
300 _a178 ; .
365 _a12.50
504 _a
942 _cBK
999 _c11378
_d11378